Turkije Trivia Quiz - Statistieken

Algemene statistieken
  • Deze quiz is 1.646 keer genomen
  • De gemiddelde score is 10 van 19
Antwoordstatistieken
Hint Antwoord % Correct
Wat is de hoofdstad van Turkije? Ankara
99%
Wat is de meest bevolkte stad van Turkije? Istanboel
96%
Wat is de naam van het vlees dat wordt gemaakt op een verticale stok? Döner {Kebab}
74%
De vier zeeën die aan Turkije grenzen Zwarte Zee
74%
Wat is de voormalige naam van die stad? Constantinopel / Byzantion
72%
Welk Turks rijk werd in 1923 ontbonden? Het Ottomaanse Rijk
68%
De vier zeeën die aan Turkije grenzen Middellandse Zee
68%
Wat is de valuta van Turkije? Turkse Lira
66%
Wie wordt gezien als de vader van modern Turkije? Mustafa Kemal Atatürk
55%
Welke kubusvormige snoepjes zijn gemaakt van gehakte dadels, noten en gel? Turks {fruit}
48%
Wat is de op één na grootste etnische groep van Turkije? Koerden
47%
Wat was de titel van de persoon die dat rijk regeerde? Sultan
40%
Welke plaats aan zee, voorheen bekend als Smyrna, is de op twee na grootste stad van Turkije? İzmir
39%
Hoe staat de Sultan Ahmed-moskee algemeen bekend? De {Blauwe} Moskee
36%
De vier zeeën die aan Turkije grenzen Egeïsche Zee
36%
Wat is de hoogste berg van Turkije? Ararat
28%
Wat is de naam van het schiereiland waarop het grootste deel van Turkije ligt? Anatolië
23%
De vier zeeën die aan Turkije grenzen Zee van Marmara
22%
Waar zou het dragen van een nazar-amulet je zogenaamd tegen beschermen? Het Boze Oog
18%
Geen overeenkomende quizzen gevonden
Scoreverdeling
Procent van Mensen met Elke Score
Percentiel versus Aantal Correcte Antwoorden
Uw Scoregeschiedenis
U heeft deze quiz nog niet genomen